Stupid Music Jokes Quiz Stats

Quiz Updated Apr 20, 2016

Also try: Stupid Food Jokes
Challenge
Share
Tweet
Embed
Score 0/20 Timer 06:00
3 Plays Today
% Correct
A moo-sician
95.6%
Nep-tunes
94.7%
The trom-bone
94.1%
With a tuba glue
94%
Its scales
93.6%
Don't fret
93%
Fo drizzle
92.4%
They can hit the high C's
92.3%
Pop
92%
Take their chairs away
91.3%
% Correct
A flat minor
91.2%
A decomposer
90.9%
Hip-Hop
90.7%
He was in treble
89.6%
They kept saying 'Bach, Bach'
88.6%
Elvis Parsley
87.8%
You can't tuna fish
87.3%
The lute
86.6%
He was Haydn
80.6%
He was baroque
79.5%

You're not logged in!

Compare scores with friends on all Sporcle quizzes.
Join for Free
OR
Log In

You Might Also Like...

Show Comments

Extras

Top Quizzes Today


Score Distribution

Your Account Isn't Verified!

In order to create a playlist on Sporcle, you need to verify the email address you used during registration. Go to your Sporcle Settings to finish the process.

Report this User

Report this user for behavior that violates our Community Guidelines.

Details: